000
002990000a22000970004500
100
1
_a
Carter, Edward J.
245
1
0
_a
Toll and tribute : A political reading of Mathew 17.24-27
300
_a
Vol. 25, Núm 4 (2003), Páginas 413-431
773
0
_t
Journal for the Study of the New Testament
942
_c
ANA
999
_c
55470
_d
55470